| Tag |
First Indicator |
Second Indicator |
Subfields |
| LEADER |
00000cam a2200000 a 4500 |
| 001 |
in00000098628 |
| 005 |
20150924085905.0 |
| 008 |
741216s1971 nyu b 00010 eng d |
| 035 |
|
|
|a (OCoLC)01112392
|
| 035 |
|
|
|9 AAK9735AM
|
| 040 |
|
|
|a UDI
|c UDI
|d m.c.
|d TXA
|d UtOrBLW
|
| 049 |
|
|
|a TXAM
|c 1 [1806260], 2 [1806261]
|
| 090 |
|
|
|a GV53
|b K3
|
| 100 |
1 |
|
|a Kalter, Robert John.
|
| 245 |
1 |
0 |
|a Recreational demand functions: concepts, problems and uses /
|c by Robert J. Kalter.
|
| 264 |
|
1 |
|a Ithaca, N.Y. :
|b Dept. of Agricultural Economics, New York State College of Agriculture and Life Sciences, Cornell University,
|c 1971.
|
| 300 |
|
|
|a 10 pages, 2 unnumbered pages ;
|c 28 cm.
|
| 336 |
|
|
|a text
|b txt
|2 rdacontent
|
| 337 |
|
|
|a unmediated
|b n
|2 rdamedia
|
| 338 |
|
|
|a volume
|b nc
|2 rdacarrier
|
| 490 |
1 |
|
|a Cornell agricultural economics staff paper ;
|v no.44
|
| 504 |
|
|
|a Bibliography: p. [ll-12]
|
| 650 |
|
0 |
|a Recreation
|x Research.
|
| 710 |
2 |
|
|a New York State College of Agriculture and Life Sciences.
|b Department of Agricultural Economics.
|
| 830 |
|
0 |
|a Cornell agricultural economics staff paper ;
|v no. 44.
|
| 999 |
|
|
|a MARS
|
| 999 |
f |
f |
|s 3031c1ba-08cb-3077-b2d1-46fe9777285b
|i 97f59446-c0ea-3eda-a7e8-01ac9dc9f765
|t 0
|
| 952 |
f |
f |
|p ric
|a Texas A&M University
|b Rellis Campus
|c Joint Library Facility
|d Remote Storage
|t 0
|e GV53 K3
|h Library of Congress classification
|i unmediated -- volume
|m A14806030042
|
| 998 |
f |
f |
|a GV53 K3
|t 0
|l Remote Storage
|